| 000 | 01330nam a22002537a 4500 | ||
|---|---|---|---|
| 005 | 20110429165957.0 | ||
| 008 | 110429t xxu||||| |||| 00| 0 mar d | ||
| 010 | _aMAR-20831 | ||
| 020 |
_c250.00 _a9788177864779 |
||
| 035 | _aMR-13489 | ||
| 037 | _bDBAD / PUB | ||
| 040 |
_aDPL _bMR |
||
| 082 | _a338.7 | ||
| 100 |
_927525 _aमोहंमद युनूस |
||
| 245 |
_aगरिबीमुक्त विश्वाची निर्मिती / _cमोहंमद युनूस तथा कार्ल वेबर : गोविंद गोडबोले द्वारा अनुवादित |
||
| 246 |
_aGaribimukta Vishwachi Nirmitee _bby Mohammad Yunus and Kari Weber |
||
| 260 |
_aऔरंगाबाद _bसाकेत प्रकाशन _c2009 |
||
| 270 |
_a115,म.गांधीनगर,स्टेशन रोड _bऔरंगाबाद _e431005 |
||
| 300 |
_aसोळा270पृ _c21सेमी (अजिल्द) |
||
| 700 |
_927590 _aवेबर, कार्ल |
||
| 700 |
_aगोडबोले,गोविंद _927991 |
||
| 942 |
_2ddc _cMR _mमोहंम _h338.7 |
||
| 999 |
_c52335 _d52335 |
||